| 000 | 00990nam a2200265Ia 4500 | ||
|---|---|---|---|
| 003 | OSt | ||
| 005 | 20220923211602.0 | ||
| 006 | a|||||r|||| 00| 0 | ||
| 007 | ta | ||
| 008 | 220922b |||||||| |||| 00| 0 hin d | ||
| 020 |
_a9789387199156 (hbk) _c550 |
||
| 024 | _a353,484 | ||
| 037 |
_b329, 27/02/2020, Eastern Book Linkers _cTextual |
||
| 040 |
_aARTS _cARTS _bhin |
||
| 041 |
_2hin _ahin |
||
| 082 | _aR4, 152Q7 | ||
| 100 | _aपुष्पा कुमारी, ले. | ||
| 245 | 0 | _aभारतीय विचारणा में कर्तव्य - मीमांसा | |
| 246 | _aBhāratīya vichāraṇā mean kartavya - mīmāansā | ||
| 260 |
_aवाराणसी _b कला प्रकाशन _c2017 |
||
| 300 |
_a144पृ. _ccm. |
||
| 650 | _aदर्शनशास्त्र | ||
| 942 |
_hR4, 152Q7 _cTEXL _2CC |
||
| 999 |
_c301064 _d301064 |
||